[Event "Bad Woerishofen 2017 - Senioren"]
[Site "Bad Woerishofen"]
[Date "2017.03.11"]
[Round "2.16"]
[White "Korth, Manfred"]
[Black "Villing, Dieter"]
[Result "1/2-1/2"]
[WhiteElo "1929"]
[BlackElo "2089"]
[Annotator "chessorg"]
[PlyCount "29"]
[EventDate "2017.??.??"]
[WhiteTeam "SC Heideck-Hilpoltstein"]
[BlackTeam "SK 1962 Ladenburg"]

1. d3 e5 2. e4 Nf6 3. Nf3 Nc6 4. c3 d5 5. Qc2 Be7 6. Be2 O-O 7. O-O Bg4 8. Re1
Qd7 9. Nbd2 Rad8 10. Nf1 Bh5 11. Ng3 Bg6 12. Rd1 Bc5 13. b4 Bd6 14. Bg5 Ne7 15.
Bxf6 1/2-1/2

[Event "Bad Woerishofen 2017 - Senioren"]
[Site "Bad Woerishofen"]
[Date "2017.03.11"]
[Round "2.17"]
[White "Schirmer, Werner"]
[Black "Hunold, Rolf"]
[Result "1/2-1/2"]
[WhiteElo "1918"]
[BlackElo "2081"]
[Annotator "chessorg"]
[PlyCount "97"]
[EventDate "2017.??.??"]
[WhiteTeam "Hamburger SK von 1830 eV"]
[BlackTeam "Schachverein Letmathe 1933 e.V."]

1. e4 c5 2. Nf3 e6 3. d4 cxd4 4. Nxd4 a6 5. Bd3 Qc7 6. O-O Nf6 7. Be3 d6 8. c4
Nbd7 9. Nc3 Be7 10. Rc1 Ne5 11. f3 h5 12. Nde2 Bd7 13. Bd4 Rc8 14. b3 Qa5 15.
b4 Qc7 16. Bxe5 dxe5 17. c5 h4 18. Na4 Rd8 19. Qb3 Bc6 20. Rfd1 Nh5 21. Bc4 Bg5
22. Rxd8+ Qxd8 23. Rd1 Be3+ 24. Kf1 Qg5 25. Bxe6 O-O 26. Bd5 Bb5 27. Bc4 Nf4
28. Nxf4 Bxc4+ 29. Qxc4 Qxf4 30. Qe2 Bd4 31. g3 hxg3 32. hxg3 Qxg3 33. Qg2 Qf4
34. Nb6 Re8 35. Nd5 Qh4 36. Ke2 Re6 37. Rh1 Qd8 38. Qg4 a5 39. Qf5 Rg6 40. Ne7+
Qxe7 41. Qc8+ Qf8 42. Rh8+ Kxh8 43. Qxf8+ Kh7 44. b5 Rg2+ 45. Kd3 Rxa2 46. Qxf7
Ra3+ 47. Kd2 Bxc5 48. Qh5+ Kg8 49. Qe8+ 1/2-1/2

[Event "Bad Woerishofen 2017 - Senioren"]
[Site "Bad Woerishofen"]
[Date "2017.03.11"]
[Round "2.18"]
[White "Dietl, Robert"]
[Black "Heppell, Ian"]
[Result "1/2-1/2"]
[WhiteElo "1893"]
[BlackElo "2077"]
[Annotator "chessorg"]
[PlyCount "55"]
[EventDate "2017.??.??"]
[WhiteTeam "SK Koenigsbrunn"]
[BlackTeam "Wimbledon"]

1. e4 e5 2. Nf3 d6 3. d4 exd4 4. Nxd4 Nf6 5. Nc3 Be7 6. g3 d5 7. e5 Ne4 8. Nxe4
dxe4 9. Bg2 Qd5 10. O-O Nc6 11. Nxc6 Qxc6 12. Qe2 Bf5 13. Be3 O-O 14. Rad1 Rfd8
15. Rxd8+ Rxd8 16. Rd1 Rxd1+ 17. Qxd1 Qe6 18. Bd4 Qxa2 19. h4 Qd5 20. Qd2 Bc5
21. c3 Bxd4 22. cxd4 h6 23. Qe3 c6 24. g4 Bh7 25. f3 c5 26. dxc5 Qxe5 27. f4
Qxb2 28. f5 1/2-1/2

[Event "Bad Woerishofen 2017 - Senioren"]
[Site "Bad Woerishofen"]
[Date "2017.03.11"]
[Round "2.19"]
[White "Kroencke, Manfred"]
[Black "Abegg, Beat"]
[Result "1/2-1/2"]
[WhiteElo "2076"]
[BlackElo "1904"]
[Annotator "chessorg"]
[PlyCount "57"]
[EventDate "2017.??.??"]
[WhiteTeam "SG Glueckstadt von 1920 e. V."]
[BlackTeam "SK Altdorf"]

1. e4 c6 2. d4 d5 3. exd5 cxd5 4. Bd3 Nc6 5. c3 Qc7 6. Ne2 Bg4 7. O-O Nf6 8. f3
Bd7 9. Bf4 e5 10. dxe5 Nxe5 11. Nd4 Bd6 12. Qe2 O-O 13. Bc2 Rfe8 14. Qf2 Nh5
15. Bg3 Nxg3 16. hxg3 Nc6 17. f4 Nxd4 18. cxd4 Rac8 19. Nc3 Bc6 20. Rfe1 Qd7
21. Rxe8+ Rxe8 22. Re1 Rxe1+ 23. Qxe1 Qe7 24. Qxe7 Bxe7 25. Kf2 Bb4 26. Bb3
Bxc3 27. bxc3 Kf8 28. g4 f6 29. Ke3 1/2-1/2

[Event "Bad Woerishofen 2017 - Senioren"]
[Site "Bad Woerishofen"]
[Date "2017.03.11"]
[Round "2.20"]
[White "Mcandrew, Robert"]
[Black "Waltenberger, Udo"]
[Result "1/2-1/2"]
[WhiteElo "1888"]
[BlackElo "2055"]
[PlyCount "99"]
[EventDate "2017.??.??"]
[WhiteTeam "Gambit bonnevoie"]
[BlackTeam "SV Eiche Reichenbrand"]

1. c4 g6 2. g3 Bg7 3. Bg2 c5 4. Nf3 Nc6 5. Nc3 e5 6. a3 Nge7 7. Rb1 a5 8. O-O
O-O 9. d3 Rb8 10. Bg5 f6 11. Bd2 d6 12. Ne1 Be6 13. Nc2 Nd4 14. b4 axb4 15.
axb4 Nxc2 16. Qxc2 Qd7 17. bxc5 dxc5 18. Rb6 Bh3 19. Bxh3 Qxh3 20. Rfb1 Nc6 21.
Qd1 Qd7 22. R1b5 Rfc8 23. Rxc5 Bf8 24. Rd5 Qc7 25. Rb1 Qf7 26. Ne4 Rd8 27. Rdb5
Qe7 28. Nc3 Kf7 29. Nd5 Qd7 30. e4 Bd6 31. Be3 Nd4 32. Bxd4 exd4 33. f4 Rdc8
34. Qf3 Bc5 35. e5 Qc6 36. Kg2 f5 37. Nf6 b6 38. Nxh7 Ra8 39. Ng5+ Ke7 40. Qxc6
Rxc6 41. h4 Rc7 42. Nh3 Rca7 43. Nf2 Ra2 44. R1b2 Ra1 45. Rb1 R1a2 46. R5b2
R2a3 47. Kf3 Rc3 48. Rb3 Ra2 49. R1b2 Ra1 50. Rb1 1/2-1/2

[Event "Bad Woerishofen 2017 - Senioren"]
[Site "Bad Woerishofen"]
[Date "2017.03.11"]
[Round "2.21"]
[White "Loew, Peter"]
[Black "Klett, Thomas"]
[Result "1-0"]
[WhiteElo "2051"]
[BlackElo "1896"]
[Annotator "chessorg"]
[PlyCount "137"]
[EventDate "2017.??.??"]
[WhiteTeam "SC Waldkraiburg"]
[BlackTeam "SV Urach"]

1. e4 Nf6 2. Nc3 d5 3. exd5 Nxd5 4. d4 Bf5 5. Bc4 e6 6. a3 Nxc3 7. bxc3 c6 8.
Nf3 Nd7 9. O-O Qc7 10. Bd3 Bxd3 11. Qxd3 Be7 12. Re1 O-O 13. Bg5 Bxg5 14. Nxg5
Nf6 15. Re5 h6 16. Nf3 Rfd8 17. c4 b6 18. Qe2 Rac8 19. Rd1 Qe7 20. Re3 Ng4 21.
Red3 Qc7 22. Qe4 Nf6 23. Qh4 b5 24. c5 Rd5 25. Ne5 Nd7 26. f4 Nxe5 27. fxe5 Qd8
28. Qe4 g6 29. Rf1 Kg7 30. Rf6 Rc7 31. c3 a5 32. Rg3 Qe8 33. h4 h5 34. Rgf3 Qg8
35. Qb1 a4 36. Qe4 Re7 37. Qf4 Rdd7 38. Qg5 Qh7 39. R6f4 Kf8 40. Rf6 Ke8 41.
Qc1 Rd5 42. Kh2 Kd8 43. Qb2 Rb7 44. Qf2 Rdd7 45. R3f4 Qg7 46. Qf3 Rbc7 47. Qf2
Kc8 48. Qb2 Rb7 49. Qb4 Kb8 50. Rf3 Qg8 51. Qb2 Qd8 52. Qc1 Qg8 53. Qh6 Ka7 54.
Kg3 Rbc7 55. Rf2 Rc8 56. Qe3 Rcc7 57. Kf4 Qh7 58. Kg5 Rc8 59. Qf3 Rh8 60. Kf4
Kb7 61. Kg3 g5 62. hxg5 h4+ 63. Kh3 Qb1 64. Rf1 Qb2 65. Rxf7 Rxf7 66. Qxf7+ Ka6
67. Qc7 Qxc3+ 68. Rf3 Qe1 69. Qb6# 1-0

[Event "Bad Woerishofen 2017 - Senioren"]
[Site "Bad Woerishofen"]
[Date "2017.03.11"]
[Round "2.23"]
[White "Bohnstorff, Michael"]
[Black "Hansch, Klaus-Michael"]
[Result "1/2-1/2"]
[WhiteElo "2042"]
[BlackElo "1890"]
[Annotator "chessorg"]
[PlyCount "57"]
[EventDate "2017.??.??"]
[WhiteTeam "SC Turm Lueneburg e.V."]
[BlackTeam "SC Weisse Dame e.V."]

1. d4 Nf6 2. c3 c6 3. Bf4 d5 4. e3 Bf5 5. Be2 h6 6. Nf3 Nbd7 7. Qb3 Qb6 8. c4
dxc4 9. Bxc4 e6 10. Nc3 Be7 11. h3 Nd5 12. Bh2 N7f6 13. O-O O-O 14. a3 Rac8 15.
Rac1 Rfd8 16. Rfd1 Nxc3 17. Rxc3 Nd5 18. Rcc1 Nf6 19. Be5 Qxb3 20. Bxb3 Nd7 21.
Bg3 Nf6 22. Bc2 Bxc2 23. Rxc2 c5 24. Rdc1 Ne4 25. Be5 f6 26. Bh2 Rd5 27. dxc5
Rdxc5 28. Rxc5 Rxc5 29. Rxc5 1/2-1/2

[Event "Bad Woerishofen 2017 - Senioren"]
[Site "Bad Woerishofen"]
[Date "2017.03.11"]
[Round "2.24"]
[White "Glatthor, Thomas"]
[Black "Speicher, Franz"]
[Result "1-0"]
[WhiteElo "2032"]
[BlackElo "1886"]
[Annotator "chessorg"]
[PlyCount "111"]
[EventDate "2017.??.??"]
[WhiteTeam "SG Hermsdorf"]
[BlackTeam "Dicker Turm Esslingen"]

1. Nf3 d5 2. g3 c6 3. d4 Nf6 4. Bg2 Nbd7 5. Nbd2 e6 6. c4 a5 7. a4 Bb4 8. O-O
O-O 9. Qc2 b6 10. b3 Bb7 11. Bb2 Rc8 12. Bc3 Bxc3 13. Qxc3 c5 14. e3 Qe7 15.
Rfd1 Rfd8 16. Ne5 Nxe5 17. dxe5 Ng4 18. h3 d4 19. exd4 cxd4 20. Qc2 Nxe5 21.
Be4 f5 22. Bxb7 Qxb7 23. Re1 Qc7 24. f4 d3 25. Qd1 Qc5+ 26. Kg2 Nc6 27. Rxe6
Nd4 28. Re5 Qc6+ 29. Kf2 Re8 30. Nf3 Nxf3 31. Qxf3 Rxe5 32. fxe5 Qc5+ 33. Qe3
Kf7 34. Rd1 Rd8 35. e6+ Ke7 36. Kf3 Qc6+ 37. Kf4 Qd6+ 38. Kxf5 g6+ 39. Kg4
Qxe6+ 40. Qxe6+ Kxe6 41. Kf4 d2 42. Ke3 Ke5 43. Rxd2 Rxd2 44. Kxd2 Kd4 45. h4
h5 46. Kc2 Ke4 47. Kc3 Kf3 48. b4 axb4+ 49. Kxb4 Kxg3 50. c5 bxc5+ 51. Kxc5
Kxh4 52. a5 Kg3 53. a6 h4 54. a7 h3 55. a8=Q Kh2 56. Qf3 1-0

[Event "Bad Woerishofen 2017 - Senioren"]
[Site "Bad Woerishofen"]
[Date "2017.03.11"]
[Round "2.25"]
[White "Pribyl, Josef"]
[Black "Huhn, Ulrich"]
[Result "1-0"]
[WhiteElo "2263"]
[BlackElo "1808"]
[Annotator "chessorg"]
[PlyCount "81"]
[EventDate "2017.??.??"]
[WhiteTeam "SC 1868 Bamberg"]
[BlackTeam "SF Siemensstadt"]

1. d4 d5 2. Nf3 Nf6 3. Bf4 Bf5 4. e3 e6 5. Nbd2 Bd6 6. Ne5 Nbd7 7. Be2 Bxe5 8.
dxe5 Ne4 9. g4 Qh4 10. Bg3 Nxg3 11. fxg3 Qh3 12. gxf5 Nxe5 13. Nf3 Nxf3+ 14.
Bxf3 Qxf5 15. O-O Qg5 16. Qd3 O-O-O 17. e4 h5 18. Bg2 f6 19. exd5 h4 20. Rad1
e5 21. Qf5+ Qxf5 22. Rxf5 hxg3 23. hxg3 Rd6 24. c4 c5 25. Rdf1 Kc7 26. Be4 Ra6
27. a3 Ra4 28. Rc1 b5 29. Bd3 b4 30. Bc2 Ra6 31. axb4 Kd6 32. Bb3 Rb6 33. b5 a6
34. Ba4 axb5 35. Bxb5 Ra8 36. Rff1 Ra2 37. Ra1 Rxa1 38. Rxa1 Rb7 39. Ra6+ Ke7
40. Kf2 Kf7 41. d6 1-0

[Event "Bad Woerishofen 2017 - Senioren"]
[Site "Bad Woerishofen"]
[Date "2017.03.11"]
[Round "2.26"]
[White "Urban, Rudolf"]
[Black "Bhend, Edwin"]
[Result "1/2-1/2"]
[WhiteElo "1833"]
[BlackElo "2138"]
[Annotator "chessorg"]
[PlyCount "55"]
[EventDate "2017.??.??"]
[WhiteTeam "Roter Turm Altstadt Muenchen"]
[BlackTeam "ohne"]

1. d4 d5 2. Nf3 Nc6 3. Bf4 Bg4 4. e3 e6 5. Nbd2 Bd6 6. c3 Nge7 7. Be2 O-O 8. h3
Bxf3 9. Bxf3 Ng6 10. Bxd6 cxd6 11. O-O Rb8 12. Qe2 Qe7 13. Rfe1 Rfc8 14. g3 Qd8
15. e4 dxe4 16. Bxe4 d5 17. Bd3 Qg5 18. Nf3 Qf6 19. Rad1 Nf8 20. Kg2 a6 21. Ne5
Nxe5 22. dxe5 Qe7 23. Qe3 Qc5 24. Bb1 Qxe3 25. Rxe3 Rc4 26. Bc2 Rbc8 27. Bb3
R4c7 28. Rd4 1/2-1/2

[Event "Bad Woerishofen 2017 - Senioren"]
[Site "Bad Woerishofen"]
[Date "2017.03.11"]
[Round "2.27"]
[White "Rumsey, Victor"]
[Black "Gundersen, Helge"]
[Result "1-0"]
[WhiteElo "1897"]
[BlackElo "2134"]
[Annotator "chessorg"]
[PlyCount "53"]
[EventDate "2017.??.??"]
[WhiteTeam "Battersea"]

1. d4 e6 2. c4 f5 3. g3 Nf6 4. Bg2 d5 5. Nf3 c6 6. O-O Bd6 7. Nc3 O-O 8. Ne5
Nbd7 9. Bf4 Bxe5 10. Bxe5 Nxe5 11. dxe5 Ng4 12. cxd5 cxd5 13. Qd4 Qb6 14. e3
Qc7 15. f4 Qb6 16. Rfe1 Bd7 17. h3 Nh6 18. Qxb6 axb6 19. Rad1 Bc6 20. Rd4 Rfc8
21. Red1 Nf7 22. Rb4 b5 23. a3 Nd8 24. Bf1 Ra5 25. Bxb5 Bxb5 26. Nxb5 Rc7 27.
Nxc7 1-0

[Event "Bad Woerishofen 2017 - Senioren"]
[Site "Bad Woerishofen"]
[Date "2017.03.11"]
[Round "2.28"]
[White "Wawrinsky, Ludwig"]
[Black "Weenink, Henk"]
[Result "0-1"]
[WhiteElo "1753"]
[BlackElo "2132"]
[Annotator "chessorg"]
[PlyCount "116"]
[EventDate "2017.??.??"]
[WhiteTeam "1.SK Neuperlach e.V."]
[BlackTeam "SC Soest 1922"]

1. e4 e6 2. d3 d5 3. Nc3 c5 4. f4 Nc6 5. Nf3 g6 6. g3 Bg7 7. e5 Nge7 8. Bh3 b5
9. Bd2 Qb6 10. a4 Ba6 11. axb5 Bxb5 12. Nxb5 Qxb5 13. b3 O-O 14. O-O Qb6 15.
Kh1 Rfd8 16. Re1 Nf5 17. g4 Nfe7 18. Nh4 g5 19. Nf3 gxf4 20. Bxf4 Ng6 21. Bg3
c4 22. d4 cxb3 23. cxb3 Rab8 24. Rb1 Rdc8 25. Bf1 Nb4 26. h4 Rc3 27. h5 Ne7 28.
Bf4 h6 29. Bd2 Rxf3 30. Qxf3 Qxd4 31. Bc3 Qb6 32. Qf4 a5 33. Bd4 Qd8 34. Bc5
Nec6 35. Bd6 Rb7 36. Rbc1 Qh4+ 37. Kg2 Rd7 38. Bb5 Rxd6 39. exd6 e5 40. Qf5 Nd4
41. Qc8+ Kh7 42. Rh1 Qg5 43. Rcd1 Nxb5 44. Qd7 Nxd6 45. Qxd6 Qxg4+ 46. Kf2 Qf4+
47. Kg2 Qe4+ 48. Kg3 Qe3+ 49. Kg2 Qg5+ 50. Kf2 e4 51. Qg3 f5 52. Qxg5 hxg5 53.
Ke2 d4 54. Rc1 Nc2 55. Rcf1 f4 56. Rh2 Bf8 57. Rg2 Bb4 58. Kd1 Ne3+ 0-1

[Event "Bad Woerishofen 2017 - Senioren"]
[Site "Bad Woerishofen"]
[Date "2017.03.11"]
[Round "2.29"]
[White "Rahn, Oskar"]
[Black "Reimann, Guenther"]
[Result "1-0"]
[WhiteElo "2088"]
[BlackElo "1873"]
[Annotator "chessorg"]
[PlyCount "132"]
[EventDate "2017.??.??"]
[BlackTeam "SC Magstadt"]

1. e4 e6 2. d4 d5 3. e5 c5 4. c3 Nc6 5. Nf3 Bd7 6. Bd3 Qb6 7. dxc5 Bxc5 8. O-O
Qc7 9. Qe2 Nge7 10. b4 Bb6 11. Ba3 a6 12. Re1 Na7 13. Nd4 Nec6 14. Qg4 g6 15.
Qf4 f5 16. Nf3 h6 17. Qh4 Qd8 18. Qg3 Kf7 19. h4 Ne7 20. Nbd2 Nb5 21. Bb2 Rc8
22. Rac1 Qg8 23. c4 Na7 24. Bd4 Bxd4 25. Nxd4 Nac6 26. Nxc6 Bxc6 27. b5 axb5
28. cxb5 Bd7 29. Qe3 Rxc1 30. Rxc1 Qb8 31. Nf3 b6 32. Qd4 Rc8 33. Qe3 Rxc1+ 34.
Qxc1 Kg7 35. Qa3 Nc8 36. Qc3 Kf7 37. a4 Na7 38. g3 Qc8 39. Qxc8 Nxc8 40. Kf1
Ke7 41. Ke2 Be8 42. Kd2 Kd8 43. Nd4 Bd7 44. Kc3 Kc7 45. f4 Kb7 46. Nb3 Na7 47.
Kb4 Bc8 48. a5 Bd7 49. Be2 Kc7 50. Nd4 Nc8 51. h5 Ne7 52. hxg6 Nxg6 53. Bh5 Nf8
54. Bf7 Kb7 55. a6+ Kc7 56. Kc3 Kb8 57. Kd2 Ka7 58. Ke3 Kb8 59. Kf3 Ka7 60. g4
fxg4+ 61. Kxg4 Bxb5 62. Nxb5+ Kxa6 63. Nc7+ Ka5 64. Nxe6 Nxe6 65. Bxe6 d4 66.
Bc4 Kb4 1-0

[Event "Bad Woerishofen 2017 - Senioren"]
[Site "Bad Woerishofen"]
[Date "2017.03.11"]
[Round "2.30"]
[White "Lange, Manfred"]
[Black "Goris-Schouwstra, Adry"]
[Result "1/2-1/2"]
[WhiteElo "2081"]
[BlackElo "1752"]
[Annotator "chessorg"]
[PlyCount "54"]
[EventDate "2017.??.??"]
[WhiteTeam "SV Würzburg von 1865 e.V."]

1. Nf3 d5 2. c4 e6 3. g3 g6 4. Bg2 Bg7 5. d4 Ne7 6. O-O O-O 7. Nc3 c6 8. Qb3
Nd7 9. cxd5 exd5 10. Bf4 h6 11. h4 Nb6 12. Rad1 Be6 13. a4 a5 14. Be5 Bxe5 15.
Nxe5 Rb8 16. Qc2 Qc8 17. Qd2 Kh7 18. Qf4 f6 19. Nf3 Qd7 20. b3 Rbe8 21. Rfe1
Nbc8 22. e4 dxe4 23. Nxe4 Nd5 24. Qd2 b6 25. h5 g5 26. Nc3 Qf7 27. Nxd5 cxd5
1/2-1/2

[Event "Bad Woerishofen 2017 - Senioren"]
[Site "Bad Woerishofen"]
[Date "2017.03.11"]
[Round "2.31"]
[White "Knischka, Walter"]
[Black "Keller, Harald"]
[Result "1/2-1/2"]
[WhiteElo "1831"]
[BlackElo "2075"]
[Annotator "chessorg"]
[PlyCount "73"]
[EventDate "2017.??.??"]
[WhiteTeam "SK Oberguenzburg"]
[BlackTeam "SV Rottweil"]

1. d4 Nf6 2. c4 e6 3. Nc3 Bb4 4. a3 Bxc3+ 5. bxc3 O-O 6. Nf3 b6 7. g3 Bb7 8.
Bg2 d6 9. O-O Nbd7 10. Nd2 Bxg2 11. Kxg2 d5 12. Qc2 c5 13. e3 Rc8 14. cxd5 exd5
15. Qd3 Re8 16. Bb2 c4 17. Qc2 Rc6 18. Rae1 Rce6 19. Qf5 Nf8 20. Qg5 h6 21. Qf5
Ng6 22. h3 Nf8 23. Re2 N8h7 24. Rfe1 Ng5 25. h4 Nge4 26. Nxe4 Nxe4 27. f3 g6
28. Qf4 g5 29. hxg5 hxg5 30. Qg4 Nd6 31. Qh5 Qf6 32. Bc1 Qg6 33. Rh1 Qg7 34.
Kf1 Nf5 35. Qg4 Nh6 36. Qh5 Nf5 37. Qg4 1/2-1/2

[Event "Bad Woerishofen 2017 - Senioren"]
[Site "Bad Woerishofen"]
[Date "2017.03.11"]
[Round "2.32"]
[White "Dahlhaus, Friedhelm"]
[Black "Bjorgvik, Jan Arne"]
[Result "1-0"]
[WhiteElo "2059"]
[BlackElo "1779"]
[Annotator "chessorg"]
[PlyCount "79"]
[EventDate "2017.??.??"]
[WhiteTeam "DJK Wacker Bergeborbeck 1922"]

1. e4 c6 2. d4 d5 3. exd5 cxd5 4. c4 e6 5. Nc3 Nf6 6. Nf3 Nc6 7. c5 h6 8. a3
Be7 9. Bd3 O-O 10. O-O a6 11. b4 Nd7 12. Bc2 Re8 13. Qd3 Nf8 14. Na4 Bf6 15.
Bb2 e5 16. dxe5 Nxe5 17. Nxe5 Bxe5 18. Bxe5 Rxe5 19. Nb6 Rb8 20. Qg3 Qg5 21. f4
Qxg3 22. hxg3 Re2 23. Bb3 d4 24. Bc4 Rc2 25. Rad1 Rc3 26. f5 Nd7 27. Rxd4 Nxb6
28. Rd8+ Kh7 29. Bxf7 Bxf5 30. Rxb8 Nd7 31. Rxb7 Bg4 32. Rf4 Ne5 33. Re7 Nc6
34. Re1 h5 35. Bd5 Bd7 36. Rf7 Nb8 37. Ree7 Rxg3 38. Rxd7 Nxd7 39. Rxd7 Rxa3
40. c6 1-0

[Event "Bad Woerishofen 2017 - Senioren"]
[Site "Bad Woerishofen"]
[Date "2017.03.11"]
[Round "2.33"]
[White "Hager, Eberhard"]
[Black "Ganslmayer, Anton"]
[Result "1/2-1/2"]
[WhiteElo "1730"]
[BlackElo "2046"]
[Annotator "chessorg"]
[PlyCount "126"]
[EventDate "2017.??.??"]
[WhiteTeam "SC Friedberg"]
[BlackTeam "SC Eichenau"]

1. e4 e6 2. d4 d5 3. exd5 exd5 4. Bb5+ Bd7 5. Bxd7+ Qxd7 6. Nf3 Bd6 7. O-O Ne7
8. c3 Nbc6 9. Re1 O-O 10. Nbd2 Rfe8 11. Nf1 Ng6 12. Ne3 Nce7 13. Bd2 c6 14. Qc2
Kh8 15. h3 Ng8 16. Ng4 f6 17. Re3 Rxe3 18. Nxe3 N8e7 19. Re1 Bc7 20. b4 Nf4 21.
Nf1 Nf5 22. Bxf4 Bxf4 23. Qe2 Nd6 24. Qd3 Re8 25. Rxe8+ Qxe8 26. g3 Bh6 27.
N3h2 Qe4 28. Qd1 Nb5 29. Qa4 a6 30. Qa5 Qe7 31. Qb6 g6 32. Ng4 Bc1 33. a4 Nxc3
34. Qa7 Kg7 35. b5 cxb5 36. axb5 axb5 37. Qa1 Qa3 38. Qxa3 Bxa3 39. Nd2 Ne2+
40. Kf1 Nxd4 41. Ne3 Bb4 42. Nb1 Bc5 43. Nxd5 Kf7 44. Nf4 g5 45. Nd3 b6 46. Nd2
f5 47. Ke1 Ke6 48. Kd1 Kd5 49. Kc1 Bd6 50. Kd1 h6 51. Ke1 Ne6 52. Ke2 Kd4 53.
Nb3+ Kc3 54. Nd2 b4 55. Nc1 Nd4+ 56. Kd1 b3 57. Nb1+ Kb2 58. Nd2 b5 59. Nd3+
Kc3 60. Nc1 g4 61. hxg4 fxg4 62. Ne4+ Kb2 63. Nxd6 Ka1 1/2-1/2

[Event "Bad Woerishofen 2017 - Senioren"]
[Site "Bad Woerishofen"]
[Date "2017.03.11"]
[Round "2.34"]
[White "Gerl, Hans"]
[Black "Hauke, Hans"]
[Result "1-0"]
[WhiteElo "2043"]
[BlackElo "1702"]
[Annotator "chessorg"]
[PlyCount "113"]
[EventDate "2017.??.??"]
[WhiteTeam "SC Bayerwald Regen/Zwiesel e.V."]

1. d4 d5 2. c4 e6 3. Nf3 Nf6 4. Bg5 Be7 5. Nc3 Nbd7 6. e3 c6 7. Rc1 O-O 8. Bd3
dxc4 9. Bxc4 b5 10. Bd3 Bb7 11. O-O a6 12. e4 c5 13. e5 Nd5 14. Bxe7 Qxe7 15.
Nxd5 Bxd5 16. dxc5 Rfc8 17. b4 h6 18. Re1 Bxa2 19. Be4 Ra7 20. Qd6 Nb8 21. Red1
Kf8 22. Nd4 Rd7 23. Qxe7+ Kxe7 24. c6 Rdc7 25. f4 Bc4 26. Kf2 g6 27. g4 Bd5 28.
Bxd5 exd5 29. Rc5 Nxc6 30. Rdc1 Kd7 31. Rxd5+ Ke7 32. Rdc5 Kd7 33. Rd1 Nxd4 34.
Rxd4+ Ke7 35. Rxc7+ Rxc7 36. Ke3 Rc6 37. f5 h5 38. h3 Rc3+ 39. Rd3 Rc4 40. Rd4
Rc3+ 41. Ke4 Rxh3 42. f6+ Ke8 43. Kd5 hxg4 44. Rxg4 Rh5 45. Kd6 Rf5 46. Rd4 Kf8
47. Rd3 Kg8 48. Rc3 g5 49. Rc8+ Kh7 50. Rf8 Kg6 51. Rg8+ Kh7 52. Rg7+ Kh8 53.
Rxf7 Kg8 54. Rg7+ Kf8 55. Ke6 Rf4 56. Rxg5 Rxb4 57. f7 1-0

[Event "Bad Woerishofen 2017 - Senioren"]
[Site "Bad Woerishofen"]
[Date "2017.03.11"]
[Round "2.35"]
[White "Collins, Alan"]
[Black "Sand, Rolf"]
[Result "1/2-1/2"]
[WhiteElo "1717"]
[BlackElo "2041"]
[Annotator "chessorg"]
[PlyCount "32"]
[EventDate "2017.??.??"]
[WhiteTeam "Cowley"]

1. f4 c5 2. Nf3 g6 3. g3 Bg7 4. Bg2 Nc6 5. c3 Nf6 6. d3 O-O 7. e4 d6 8. O-O Rb8
9. a4 a6 10. Qe1 b5 11. axb5 axb5 12. Nh4 Bb7 13. Na3 b4 14. Nc2 bxc3 15. bxc3
Qc7 16. Bd2 Ra8 1/2-1/2

[Event "Bad Woerishofen 2017 - Senioren"]
[Site "Bad Woerishofen"]
[Date "2017.03.11"]
[Round "2.36"]
[White "Kelemen, Norbert"]
[Black "Harsch, Martin"]
[Result "1/2-1/2"]
[WhiteElo "1630"]
[BlackElo "2014"]
[Annotator "chessorg"]
[PlyCount "93"]
[EventDate "2017.??.??"]
[WhiteTeam "SC Weiße Dame Ulm e.V."]
[BlackTeam "Saanenland"]

1. c4 c6 2. g3 d5 3. cxd5 cxd5 4. Bg2 Nf6 5. Nf3 Nc6 6. O-O Bf5 7. Nc3 e6 8. a3
h6 9. d3 Be7 10. Bf4 O-O 11. Rc1 Rc8 12. Ne5 Nxe5 13. Bxe5 Qa5 14. Qb3 b6 15.
Rfd1 Bg4 16. Kf1 Qa6 17. Rc2 Nd7 18. Bf4 d4 19. Ne4 Rxc2 20. Qxc2 Rc8 21. Qd2
Nc5 22. Nxc5 Rxc5 23. Rc1 Qc8 24. Rxc5 Qxc5 25. h3 Bf5 26. Qc1 Qxc1+ 27. Bxc1
e5 28. g4 Be6 29. Bc6 Kf8 30. Ke1 Bh4 31. Bd2 f5 32. Bf3 Ke8 33. gxf5 Bxf5 34.
Bg4 Bd7 35. Kf1 b5 36. b4 Ke7 37. f3 Be6 38. Bxe6 Kxe6 39. e4 Kf6 40. f4 Bg3
41. f5 h5 42. Kg2 Bh4 43. Kf3 Bg5 44. Bxg5+ Kxg5 45. Kg3 h4+ 46. Kf3 a6 47. Kg2
1/2-1/2

[Event "Bad Woerishofen 2017 - Senioren"]
[Site "Bad Woerishofen"]
[Date "2017.03.11"]
[Round "2.37"]
[White "Vonach, Bernhard"]
[Black "Eigenmann, Christina"]
[Result "1-0"]
[WhiteElo "1992"]
[BlackElo "1738"]
[Annotator "chessorg"]
[PlyCount "63"]
[EventDate "2017.??.??"]
[WhiteTeam "SF Windach"]

1. e4 c6 2. d4 d5 3. f3 Qc7 4. Nc3 e6 5. Nge2 dxe4 6. fxe4 Bd6 7. e5 Bb4 8. a3
Ba5 9. b4 Bb6 10. Ne4 a5 11. Nd6+ Kf8 12. c4 axb4 13. c5 Ba5 14. a4 Ne7 15. Qb3
Nd5 16. Nf4 Na6 17. Be2 b6 18. O-O bxc5 19. Nxd5 cxd5 20. Rxf7+ Qxf7 21. Nxf7
Kxf7 22. Qf3+ Kg8 23. Bb5 Ra7 24. Qg4 c4 25. Bh6 Rf7 26. Bxa6 Kf8 27. Bxc8 gxh6
28. Bxe6 Rg8 29. Qh5 Rg6 30. Bxf7 Kxf7 31. Rf1+ Ke8 32. Qf5 1-0

[Event "Bad Woerishofen 2017 - Senioren"]
[Site "Bad Woerishofen"]
[Date "2017.03.11"]
[Round "2.38"]
[White "Schwis, Joachim"]
[Black "Grandl, Klaus"]
[Result "1-0"]
[WhiteElo "1979"]
[BlackElo "1576"]
[Annotator "chessorg"]
[PlyCount "61"]
[EventDate "2017.??.??"]
[BlackTeam "Sportfr.Windach e.V.1923"]

1. c4 e5 2. Nc3 Nf6 3. g3 d6 4. Bg2 c6 5. d3 h6 6. Nf3 Be7 7. Bd2 Nh7 8. c5 O-O
9. cxd6 Bxd6 10. Ne4 Bc7 11. Bc3 Nd7 12. O-O Re8 13. Ned2 Nhf8 14. d4 Ng6 15.
Qc2 Nb6 16. e4 Bg4 17. h3 Bxf3 18. Nxf3 Nd7 19. Rad1 Qe7 20. d5 Bd6 21. dxc6
bxc6 22. Qd2 f6 23. Qxd6 Ngf8 24. Qxe7 Rxe7 25. Nd2 Nb6 26. b3 Ne6 27. Nc4 Nxc4
28. bxc4 Kf8 29. h4 Ke8 30. Bh3 Nc5 31. Bb4 1-0

[Event "Bad Woerishofen 2017 - Senioren"]
[Site "Bad Woerishofen"]
[Date "2017.03.11"]
[Round "2.39"]
[White "Koch, Dieter"]
[Black "Trebbin, Wolfhard"]
[Result "0-1"]
[WhiteElo "1725"]
[BlackElo "1960"]
[Annotator "chessorg"]
[PlyCount "70"]
[EventDate "2017.??.??"]
[WhiteTeam "SC Ammersee"]
[BlackTeam "SG Lasker Steglitz-Wilmersdorf"]

1. d4 Nf6 2. c4 e6 3. Nc3 d5 4. e3 Be7 5. f3 O-O 6. cxd5 exd5 7. Bd3 c5 8. Nge2
Nc6 9. a3 a6 10. O-O b5 11. dxc5 Bxc5 12. Nd4 Nxd4 13. exd4 Bxd4+ 14. Kh1 Qb6
15. Bg5 Be6 16. Qe1 h6 17. Bd2 Rfe8 18. Qh4 Be3 19. Rad1 Rad8 20. Bxe3 Qxe3 21.
Rfe1 Qb6 22. b4 d4 23. Ne4 Bc4 24. Bb1 d3 25. Rd2 Nxe4 26. fxe4 Qd4 27. Qf4 Qc3
28. Rdd1 Bb3 29. Qd2 Qd4 30. Qxd3 Bxd1 31. Rxd1 Qxd3 32. Rxd3 Rxd3 33. Bxd3 Rd8
34. Be2 Rd2 35. Bf1 Ra2 0-1

[Event "Bad Woerishofen 2017 - Senioren"]
[Site "Bad Woerishofen"]
[Date "2017.03.11"]
[Round "2.40"]
[White "Di Lazzaro, Gabriele"]
[Black "Braeu, Emmi"]
[Result "1-0"]
[WhiteElo "1914"]
[BlackElo "1558"]
[Annotator "chessorg"]
[PlyCount "61"]
[EventDate "2017.??.??"]
[BlackTeam "SK Marktoberdorf"]

1. e4 c5 2. c3 Nc6 3. d4 cxd4 4. cxd4 e6 5. Nf3 Bb4+ 6. Nc3 Nge7 7. d5 exd5 8.
exd5 Na5 9. Be2 b6 10. O-O Bxc3 11. bxc3 Bb7 12. c4 Rc8 13. Qd4 f6 14. Ba3 d6
15. Bd3 O-O 16. Rfe1 Ba6 17. Rac1 Nb7 18. Nh4 Rc7 19. Qe4 g6 20. Qd4 Qc8 21.
Re6 Qd7 22. Rxf6 Rxf6 23. Qxf6 Nc5 24. Bxc5 Rxc5 25. Re1 Nc8 26. Qd4 Kf7 27.
Nf3 h6 28. h3 Ne7 29. Re6 Nc8 30. Rxg6 Kf8 31. Rf6+ 1-0